Normal view
MARC view
- القزويني، محمد بن عبد الرحمن بن عمر جلال الدين الخطيب 666-729 هجري مؤلف؛ مجدي فتحي السيد تحقيق
Entry Personal Name
001 - CONTROL NUMBER
- control field: 58553
003 - CONTROL NUMBER IDENTIFIER
- control field: JO-AjAnu
005 - DATE AND TIME OF LATEST TRANSACTION
- control field: 20230606083600.0
008 - FIXED-LENGTH DATA ELEMENTS
- fixed length control field: 230606|| aca||aabn | a|a d
040 ## - CATALOGING SOURCE
- Original cataloging agency: JO-AjAnu
- Transcribing agency: JO-AjAnu
100 ## - HEADING--PERSONAL NAME
- Personal name: القزويني، محمد بن عبد الرحمن بن عمر جلال الدين الخطيب 666-729 هجري مؤلف؛ مجدي فتحي السيد تحقيق
670 ## - SOURCE DATA FOUND
- Source citation: Work cat.: (JO-AjAnu)29868: القزويني، محمد بن عبد الرحمن بن عمر جلال الدين الخطيب 666-729 هجري مؤلف؛ مجدي فتحي السيد تحقيق, author, الإيضاح في علوم البلاغة: المعاني والبيان والبديع: مختصر تلخيص المفتاح